000 00525nam a2200205Ia 4500
005 20240322151326.0
008 131103s9999 xx 000 0 und d
020 _a0 09 120550 6
040 _aLoreto College
041 _aEnglish
082 _a155.4
_bPRI
100 _aPringle, Mia Kellmer
245 4 _aThe Needs of Children
_cMia Kellmer Pringle
260 _aLondon
_bHutchinson
_c1974
300 _a190p.
504 _aIncludes bibliography & index
650 _aPsychology
850 _aLCLIB
942 _cBK
999 _c26943
_d77422